Devinez les footballeurs selon leurs carrières #2 - Statistiques

Statistiques générales
  • Ce quiz a été pris 320 fois
    228 depuis la dernière actualisation
  • Le résultat moyen est 10 sur 15
Statistiques - réponses
Carrière Joueur % Correct
Lionel Messi
94%
Cristiano Ronaldo
92%
Karim Benzema
92%
Zinédine Zidane
86%
Luka Modric
77%
Luís Figo
76%
Ronaldinho
73%
Rodri
69%
Ronaldo Nazario
66%
Kaká
64%
Johan Cruyff
63%
Andriy Shevchenko
55%
Michel Platini
47%
Pavel Nedvěd
35%
Roberto Baggio
17%
Aucun quiz correspondant
Distribution des résultats
% des personnes avec chaque résultat
Percentile par nombre de réponses
Votre historique - résultats
Vous n’avez pas pris ce quiz depuis la dernière actualisation